The French overseas empire

Αποθηκεύτηκε σε:
Λεπτομέρειες βιβλιογραφικής εγγραφής
Κύριος συγγραφέας: Quinn, Frederick
Μορφή: Βιβλίο
Γλώσσα:English
Δημοσίευση: Westport, Conn.; London : Praeger, 2000
Θέματα:
Ετικέτες: Προσθήκη ετικέτας
Δεν υπάρχουν, Καταχωρήστε ετικέτα πρώτοι!

MARC

LEADER 00000cam a2200000 i 4500
001 1/35626
008 030513s2000 eng d
020 |a 0-275-96799-9 
035 |l 10069912 
040 |a GR-MY-UA  |b gre  |e aacr 
041 0 |a eng 
082 0 |a 909.0971244  |2 (21) 
100 1 |a Quinn, Frederick. 
245 1 4 |a The French overseas empire /  |c Frederick Quinn 
260 |a Westport, Conn.; London :   |b Praeger,   |c 2000 
300 |a xx, 292 σ.;  |b εικ., χαρτ.;  |c 25 εκ. 
504 |a Περιέχει βιβλιογραφία και ευρετήριο 
651 0 |a France  |x Colonies  |x History. 
852 |a INST  |b LESVOS  |e 20030513  |h 909.0971244 QUI  |p 005100026861  |q 005100026861  |t BK  |y 0 
901 |a BIBL1-2003-2 
909 |a Λ  |b 104554 
922 |a 1ΕΛΗ  |b 200304  |c ΕΠΕΑΕΚ2/ΤΚΑ  |d ΠΑΠΑΣΩΤΗΡΙΟΥ & ΕΛΕΥΘΕΡΟΥΔΑΚΗΣ 
950 |a 117-2002-09-20 
970 |a ΧΡΙΣΤΟΦΑ  |b ΝΙΚΗ  |z 2003/08/29